Statistics for Beatles Trivia

Click here to take the quiz!

General Stats

  • This quiz has been taken 28 times
  • The average score is 6 of 10

Answer Stats

QuestionAnswer% Correct
Which record company famously rejected the Beatles audition?Decca Records
81%
John Lennon was disappointed when he met which celebrity for the first time?Elvis Presley
67%
What is the shortest Beatles song by length?Her Majesty
59%
Ringo Starr played drums for which group before the Beatles?Rory Storm And The Hurricanes
59%
What was John Lennon's first written song called?Hello Little Girl
56%
True Or False: None of the Beatles could read musicTrue
56%
How many original songs did the Beatles write and release during their active period?188
48%
Which Beatle lived briefly in the United States before becoming famous?George Harrison
44%
German radios didn't play "Day Tripper" on air because the word "tripper" is German slang for...Gonorrhea
44%
The bass line from "I Saw Her Standing There" was lifted from what song?"I'm Talking About You" by Chuck Berry
37%

Score Distribution

Percentile by Number Answered

Percent of People with Each Score

Your Score History

You have not taken this quiz